Smartest Dog Breeds Quiz Stats

 Plays Quiz not verified by Sporcle

Challenge
Share
Tweet
Embed
Score 0/25 Timer 06:00
0 Plays Today
Rank Dog Breed % Correct
7Labrador Retriever
85.5%
2Poodle
79.9%
4Golden Retriever
76.1%
1Border Collie
74.8%
3German Shepherd
74.8%
16Collie/Keeshond
50.9%
5Doberman Pinscher
48.4%
9Rottweiler
43.4%
20Cocker Spaniel
37.1%
6Shetland Sheepdog
32.1%
17German Shorthaired Pointer
28.3%
18Flat-Coated Retriever/English Cocker Spaniel/Standard Schnauzer
23.9%
10Australian Cattle Dog
23.3%
Rank Dog Breed % Correct
11Pembroke Welsh Corgi
22%
13English Springer Spaniel
21.4%
23Pomeranian
17%
15Schipperke/Belgian Sheepdog
14.5%
8Papillon
13.2%
21Weimaraner
10.7%
19Brittany
8.2%
22Belgian Malinois/Bernese Mountain Dog
6.3%
25Vizsla
5.7%
12Miniature Schnauzer
2.5%
14Belgian Tervuren
2.5%
24Irish Water Spaniel
1.9%

You're not logged in!

Compare scores with friends on all Sporcle quizzes.
Join for Free
OR
Log In

You Might Also Like...

Show Comments

Extras

Created Jul 28, 2010SourceReportNominate

Top Quizzes Today


Score Distribution

Your Account Isn't Verified!

In order to create a playlist on Sporcle, you need to verify the email address you used during registration. Go to your Sporcle Settings to finish the process.

Report this User

Report this user for behavior that violates our Community Guidelines.

Details: